00729nam a2200193Ia 4500999001700000082001200017100002400029245011100053260005200164300000800216504004100224650001300265650001800278650002700296650002400323710002100347942001200368952015500380 c11287d11287 aTE.0015 aEmmatty, Leena Mary 0aCaregivers of dementia patients: with reference to stress, coping, social support and caregiver activities c2005bTata Institute of Social Sciences, Mumbai a342 aincludes appendices and bibliography aDementia aSchizophrenia aCaregiversvCaregivers aStress (Psychology) aKashyap, Lina D. cTH2ddc 00104070aNASSDOCbNASSDOCd2008-04-02eGifted by : Tata Institute of Social Scii2008-03-20l0oTE.0015p44337r2019-04-18 00:00:00w2019-04-18yTH